| 000 | 00440nam a2200169Ia 4500 | ||
|---|---|---|---|
| 008 | 220216s9999 xx 000 0 und d | ||
| 100 | _aBertrand P | ||
| 245 | 0 | _aInteraction between rubber and carbon black studied by tof-sims | |
| 260 |
_bRubber Chemistry and Technology _c2002 |
||
| 300 | _a627-634 | ||
| 650 | _aCarbon blcak | ||
| 650 | _aTof-sims | ||
| 700 | _aLauer W | ||
| 700 | _aWeng L T | ||
| 700 | _aZimmer R | ||
| 942 | _cJS | ||
| 999 |
_c61497 _d61497 |
||